MARC

LEADER 00000nam0a2200000 4500
001 128899
005 20231101220136.0
035 |a (RuTPU)RU\TPU\book\139493 
090 |a 128899 
100 |a 20080116d1980 k y0rusy50 ca 
101 0 |a rus 
102 |a RU 
105 |a y b 000zy 
200 1 |a Акриловые и метакриловые (со)полимеры  |e каталог  |f Отделение Научно-исследовательского института технико-экономических исследований (г. Черкассы) ; сост. А. В. Замотова, А. Е. Куликова, Е. М. Лукина 
210 |a Черкассы  |c НИИТЭХИМ  |d 1980 
215 |a 14 с. 
610 1 |a каталоги 
610 1 |a сополимеры 
610 1 |a технические характеристики 
610 1 |a акриловые полимеры 
610 1 |a лакокрасочные материалы 
610 1 |a упаковка 
610 1 |a транспортирование 
610 1 |a хранение 
610 1 |a техника безопасности 
610 1 |a лаки 
610 1 |a водорастворимые полимеры 
610 1 |a акриловые полимеры 
610 1 |a эмульсии 
610 1 |a заводы-изготовители 
675 |a 67(085)  |v 3 
702 1 |a Замотова  |b А. В.  |4 220 
702 1 |a Куликова  |b А. Е.  |4 220 
702 1 |a Лукина  |b Е. М.  |4 220 
712 0 2 |a Отделение Научно-исследовательского института технико-экономических исследований (г. Черкассы)  |2 stltpush  |3 (RuTPU)RU\TPU\col\10886  |9 24942 
801 1 |a RU  |b 63413507  |c 20080116  |g PSBO 
801 2 |a RU  |b 63413507  |c 20200731  |g PSBO 
942 |c BK